=LDR 00000nam 2200000 4500 =001 INLIS000000000003590 =005 20250319102917 =035 ##$$a 0010-0325000306 =007 ta =008 250319################g##########e#ind## =082 ##$$a 306.850 202 =084 ##$$a 306.850 202 BAD p =245 1#$$a Petunjuk Teknis Penyetaraan perolehan angka kredit jabatan fungsional widyaiswara /$c BKKBN =260 ##$$a Jakarta :$b BKKBN,$c 2009 =300 ##$$a II, 47 halm : $b - ; $c 21 cm =650 #4$$a Keluarga Berencana =110 #$$a Badan koordinasi Keluarga berencana nasional =520 ##$$a Berisikan penjelasan tentang penyetaraan perolehan angka kredit jabatan fungsional widyaiswara =856 ##$$a Perpustakaan UPT Balai Diklat KKB Jember